[Event "XIII TCh-RUS"]
[Site "Sochi RUS"]
[Date "2006.04.23"]
[Round "4"]
[White "Dreev,A"]
[Black "Asrian,K"]
[Result "1/2-1/2"]
[WhiteElo "2673"]
[BlackElo "2646"]

1.d4 d5 2.c4 e6 3.Nf3 Nf6 4.Nc3 Be7 5.Bf4 O-O 6.e3 c5 7.dxc5 Bxc5 8.a3 Nc6
9.Qc2 Qa5 10.Nd2 Be7 11.Bg3 Bd7 12.Be2 Rfc8 13.O-O Qd8 14.Qd3 dxc4 15.Nxc4 Na5
16.Nd6 Bxd6 17.Qxd6 Nc4 18.Bxc4 Rxc4 19.Rfd1 Qb6 20.Qxb6 axb6 21.Be5 Be8
22.Rd4 b5 23.Bxf6 gxf6 24.Rad1 Bc6 25.f3 f5 26.Kf2 Kg7 27.Na2 Kf6 28.Nb4 Rc8
29.Ke1 Rc5 30.Kf2 Rc4 31.h3 Rxd4 32.Rxd4 Be8 33.Rd1 Ke7 34.g4 fxg4 35.hxg4 f6
36.Rh1 Bg6 37.e4 f5 38.exf5 exf5 39.Re1+ Kd6 40.Rd1+ Ke6 41.Re1+ Kd6 42.Rd1+ Ke6
43.Re1+  1/2-1/2

[Event "XIII TCh-RUS"]
[Site "Sochi RUS"]
[Date "2006.04.24"]
[Round "5"]
[White "Radjabov,T"]
[Black "Asrian,K"]
[Result "1/2-1/2"]
[WhiteElo "2717"]
[BlackElo "2646"]

1.d4 d5 2.c4 e6 3.Nc3 Be7 4.Nf3 Nf6 5.Bf4 O-O 6.e3 Nbd7 7.a3 c5 8.cxd5 Nxd5
9.Nxd5 exd5 10.dxc5 Nxc5 11.Be5 Bf6 12.Bxf6 Qxf6 13.Qd4 Qd6 14.Rd1 Rd8 15.Be2 Bf5
16.O-O Bc2 17.Rde1 Nb3 18.Qa4 Qc5 19.Bd1 Bxd1 20.Rxd1 Qc4 21.Qb4 Qxb4 22.axb4 Rac8
23.Rd3 Nc1 24.Rdd1 Nb3 25.Rd3 Nc1 26.Rdd1 Nb3  1/2-1/2

[Event "XIII TCh-RUS"]
[Site "Sochi RUS"]
[Date "2006.04.26"]
[Round "7"]
[White "Radjabov,T"]
[Black "Zvjaginsev,V"]
[Result "1-0"]
[WhiteElo "2717"]
[BlackElo "2670"]

1.d4 d5 2.c4 e6 3.Nc3 Be7 4.Nf3 Nf6 5.Bf4 O-O 6.e3 c5 7.dxc5 Bxc5 8.Qc2 Nc6
9.a3 Qa5 10.Nd2 Be7 11.Bg3 Bd7 12.Be2 Rfc8 13.O-O Qd8 14.b4 Qf8 15.Qd3 Rd8
16.cxd5 exd5 17.b5 Nb8 18.Nxd5 Nxd5 19.Qxd5 Bc8 20.Qa2 Be6 21.Nb3 Nd7 22.Qb2 Bf6
23.Nd4 Nc5 24.Rad1 Ne4 25.Bc7 Rdc8 26.Ba5 Qe8 27.Rc1 Bf5 28.Bb4 h6 29.Bc4 Rd8
30.Rfe1 Rac8 31.Bf1 Bg6 32.Rxc8 Rxc8 33.Rc1 h5 34.Rxc8 Qxc8 35.Bd3 Bxd4 36.exd4 Nf6
37.Bf1 Nd5 38.Bd2 Qg4 39.f3 Qh4 40.a4 b6 41.Qa1 Bf5 42.Bc4 Be6 43.Bd3 Qf6
44.Be4 h4 45.Kf2 g6 46.Qb2 Qd8 47.Kg1 h3 48.g3 Qd7 49.Kf2 Qd8 50.Ke1 Qe7
51.Kf2 Qd8 52.Bd3 Qf6 53.Bc1 Bf5 54.Be2 Qd6 55.Qb3 Be6 56.Ba3 Qd8 57.Qc2 Qf6
58.Qd2 Bf5 59.Bc1 Bd7 60.Bc4 Be6 61.Ba3 Qd8 62.Bd3 Nf6 63.Bb2 Nd5 64.Ba3 Nf6
65.Qf4 Nd5 66.Qe5 Qc8 67.Bb2 Kh7 68.Qh5+ Kg7 69.Qe5+ Kh7 70.g4 Kg8 71.Kg3 f6
72.Qd6 Kf7 73.Ba3 g5 74.Be4 Qh8 75.Kf2 Qh4+ 76.Kf1 Ne3+ 77.Ke2 Bc4+ 78.Bd3 Bxd3+
79.Kxd3  1-0

[Event "XIII TCh-RUS"]
[Site "Sochi RUS"]
[Date "2006.04.27"]
[Round "8"]
[White "Tregubov,P"]
[Black "Rychagov,A"]
[Result "1/2-1/2"]
[WhiteElo "2563"]
[BlackElo "2542"]

1.d4 d5 2.c4 e6 3.Nf3 Nf6 4.Nc3 Be7 5.Bf4 O-O 6.e3 c5 7.dxc5 Bxc5 8.Qc2 Nc6
9.Rd1 Qa5 10.a3 Be7 11.Nd2 Qb6 12.cxd5 exd5 13.Be2 Be6 14.Nb3 Rac8 15.O-O a6
16.Bf3 Rfd8 17.Nd4 Nxd4 18.Rxd4 Ne4 19.Bxe4 dxe4 20.Rxd8+ Rxd8 21.Rc1 Qb3
22.Qxb3 Bxb3 23.Nxe4 f5 24.Bg5 fxe4 25.Bxe7 Rd1+ 26.Rxd1 Bxd1 27.h3 Kf7 28.Bd8 Be2
29.Kh2 Ke6 30.Kg3 Kf5 31.f3 Bd1 32.Kf2 h5 33.Bc7 g6 34.Ke1 Bb3 35.Ke2 Ba4
36.g4+ Ke6 37.f4 hxg4 38.hxg4 Kd7 39.Ba5 Ke6 40.Kf2 Bb5 41.Kg3 Kf6 42.Bd8+ Ke6
43.Kh4 Bd7 44.Kg5 Kf7 45.Bb6 Be6 46.f5 gxf5 47.gxf5 Bb3 48.Kf4 Bd5 49.Ke5 Bc6
50.a4 Ke7 51.a5 Kf7 52.b4 Ke7 53.Bc5+ Kf7 54.b5 Bd7 55.bxa6 bxa6 56.Kxe4 Kf6  1/2-1/2

[Event "4th TCh-SCG"]
[Site "Vrnjacka Banja SCG"]
[Date "2006.05.01"]
[Round "1"]
[White "Solak,D"]
[Black "Krivokapic,M"]
[Result "1-0"]
[WhiteElo "2562"]
[BlackElo "2352"]

1.d4 d5 2.c4 e6 3.Nc3 Nf6 4.Nf3 Be7 5.Bf4 O-O 6.e3 Nbd7 7.a3 dxc4 8.Bxc4 a6
9.Ba2 c5 10.O-O cxd4 11.exd4 Nb6 12.Bg5 Bd7 13.Ne5 Rc8 14.Re1 Bc6 15.Nxf7 Rxf7
16.Bxe6 Be8 17.Qb3 h6 18.Bh4 Rc6 19.Rad1 Rxe6 20.Rxe6 Nc8 21.Qxb7 Bd7 22.Rxa6 Bd6
23.Re1 Bxh2+ 24.Kh1 g5 25.Kxh2 gxh4 26.Kg1 h3 27.Ne4 Nxe4 28.Qxe4 Rg7 29.Rg6 Qf8
30.Re3 Nd6 31.Qd5+ Kh7 32.Qxd6 Qxd6 33.Rxd6 Rxg2+ 34.Kh1 Rg7 35.Rg3 Rf7 36.Rxd7  1-0

[Event "President's Cup"]
[Site "Baku AZE"]
[Date "2006.05.05"]
[Round "2"]
[White "Magalashvili,D"]
[Black "Djabbarov,E"]
[Result "1-0"]
[WhiteElo "2461"]
[BlackElo "2222"]

1.Nf3 Nf6 2.c4 e6 3.Nc3 d5 4.d4 Be7 5.Bf4 c5 6.dxc5 Qa5 7.cxd5 Nxd5 8.Bd2 Qxc5
9.e4 Nxc3 10.Bxc3 O-O 11.Bd3 Nc6 12.O-O e5 13.h3 Be6 14.Qe2 f6 15.Rac1 Qb6
16.Bc4 Bxc4 17.Qxc4+ Kh8 18.Rfd1 Rfd8 19.Rd5 Rxd5 20.exd5 Nd8 21.Qa4 Qd6
22.Qe8+ Bf8 23.a3 Qe7 24.Qxe7 Bxe7 25.Bb4 Bxb4 26.axb4 Kg8 27.Rc7 Rb8 28.Nd2 Nf7
29.Nc4 Kf8 30.b5 f5 31.Kf1  1-0

[Event "37th Olympiad w"]
[Site "Turin ITA"]
[Date "2006.05.21"]
[Round "1"]
[White "Medic,Mir"]
[Black "Nakagawa,E"]
[Result "1-0"]
[WhiteElo "2239"]
[BlackElo "1944"]

1.d4 Nf6 2.c4 e6 3.Nc3 d5 4.Nf3 Be7 5.Bf4 c6 6.e3 Nbd7 7.Rc1 a6 8.h3 O-O
9.Bd3 dxc4 10.Bxc4 b5 11.Bd3 Bb7 12.O-O c5 13.a3 Rc8 14.Bb1 Re8 15.Ng5 h6
16.Nge4 cxd4 17.exd4 b4 18.axb4 Bxb4 19.Qd3 Bxc3 20.Nxc3 Nf8 21.Be5 Qe7 22.Rce1 Red8
23.f4 N6d7 24.f5 Qg5 25.Rf2 exf5 26.Bf4 Qg6 27.Qxf5 Qxf5 28.Bxf5 Re8 29.Rfe2 Rxe2
30.Rxe2 Rc4 31.Re8 Rxd4 32.Be3 Rd6 33.Bxd7 Rxd7 34.Bc5 Rd2 35.b4 Rxg2+ 36.Kf1 Rc2
37.Rxf8+ Kh7 38.Rxf7 Bg2+ 39.Kg1 Bxh3 40.Ne4 Rg2+ 41.Kh1 Rg6 42.Kh2 Be6 43.Ra7 Bc4
44.Bd4 h5 45.Nf6+ Kh6 46.Be3+  1-0

[Event "37th Olympiad w"]
[Site "Turin ITA"]
[Date "2006.05.22"]
[Round "2"]
[White "Medic,Mir"]
[Black "Mkrtchian,L"]
[Result "1/2-1/2"]
[WhiteElo "2239"]
[BlackElo "2453"]

1.d4 d5 2.c4 e6 3.Nc3 Be7 4.Nf3 Nf6 5.Bf4 O-O 6.e3 Nbd7 7.c5 c6 8.Bd3 b6
9.b4 a5 10.a3 Ba6 11.O-O Qc8 12.h3 Qb7 13.Qc2 Rfc8 14.Rfb1 Bxd3 15.Qxd3 Bd8
16.Nd2 Bc7 17.Bxc7 Qxc7 18.f4 h6 19.Nb3 axb4 20.axb4 bxc5 21.Nxc5 Nb6 22.b5 Nfd7
23.Nxd7 Qxd7 24.Ra6 Rxa6 25.bxa6 Qa7 26.f5 exf5 27.Qxf5 Re8 28.Na4 Qxa6 29.Nxb6 Qa3
30.Nd7 Qxe3+ 31.Qf2 Qd3 32.Rf1 f6 33.Qf4 Re4 34.Qb8+ Kh7 35.Nf8+ Kg8 36.Nd7+ Kh7
37.Qb4 Qxd4+ 38.Qxd4 Rxd4 39.Rc1 Rc4 40.Rxc4 dxc4 41.Kf2 Kg6 42.Ke3 h5 43.Nc5 h4
44.Ne4 f5 45.Nc3 Kf6 46.Kd4 g5 47.Kxc4 Ke5 48.Kd3 g4 49.Ke3 c5 50.Ne2 c4
51.Nf4 c3 52.Ng6+ Kf6 53.Nf4 c2 54.Kd2 Ke5 55.Ng6+ Kf6 56.Nxh4 Kg5 57.hxg4 Kxg4
58.Nf3 Kg3 59.Ne1 Kf2 60.Nxc2  1/2-1/2

[Event "Muresul Cup"]
[Site "Arad ROM"]
[Date "2006.05.23"]
[Round "5"]
[White "Shishkin,Va UKR"]
[Black "Kosanovic,G"]
[Result "1-0"]
[WhiteElo "2541"]
[BlackElo "2414"]

1.d4 d5 2.c4 e6 3.Nf3 Nf6 4.Nc3 Be7 5.Bf4 O-O 6.e3 b6 7.cxd5 Nxd5 8.Nxd5 Qxd5
9.Bd3 Qa5+ 10.Ke2 Ba6 11.a3 Bxd3+ 12.Qxd3 c5 13.b4 Qa4 14.Rhc1 Nd7 15.Bg5 f6
16.Bf4 Rfe8 17.Bg3 Rac8 18.Qc4 Nf8 19.bxc5 Qxc4+ 20.Rxc4 bxc5 21.Rac1 Nd7
22.Ra4 Ra8 23.Ra6 Kf7 24.Nd2 Rec8 25.Ne4 e5 26.dxe5 fxe5 27.Nd2 Rc7 28.Nc4 Bf6
29.f4 Nb8 30.Ra5 exf4 31.Bxf4 Rc6 32.Rb1 Nd7 33.Rb7 Ke6 34.Raxa7  1-0

[Event "37th Olympiad w"]
[Site "Turin ITA"]
[Date "2006.05.23"]
[Round "3"]
[White "Topel,Z"]
[Black "Delgado Crespo,M"]
[Result "1/2-1/2"]
[WhiteElo "2132"]
[BlackElo "2296"]

1.d4 d5 2.c4 e6 3.Nf3 Nf6 4.Nc3 Be7 5.Bf4 O-O 6.e3 Nbd7 7.h3 c5 8.cxd5 Nxd5
9.Nxd5 exd5 10.Be2 Qb6 11.dxc5 Qxb2 12.O-O Bxc5 13.a4 Re8 14.Rb1 Qa2 15.Ra1 Qb2
16.Rb1 Qa2 17.Ra1 Qb2  1/2-1/2

[Event "3rd All-China Games"]
[Site "Suzhou CHN"]
[Date "2006.05.24"]
[Round "7"]
[White "Ju Wenjun"]
[Black "Li Zunian"]
[Result "1-0"]
[WhiteElo "2330"]
[BlackElo "2378"]

1.d4 d5 2.Nf3 Nf6 3.c4 e6 4.Nc3 Be7 5.Bf4 O-O 6.e3 c5 7.dxc5 Bxc5 8.cxd5 exd5
9.Bd3 Nc6 10.O-O Be6 11.a3 Rc8 12.Rc1 Be7 13.b4 a6 14.Na4 Ne4 15.Nd4 Nxd4
16.exd4 Bf6 17.Bxe4 dxe4 18.Rxc8 Bxc8 19.d5 Re8 20.d6 Bd7 21.Nc5 Bc6 22.d7 Re7
23.Bc7  1-0

[Event "37th Olympiad w"]
[Site "Turin ITA"]
[Date "2006.05.24"]
[Round "4"]
[White "Zatonskih,A"]
[Black "Peptan,C"]
[Result "1/2-1/2"]
[WhiteElo "2433"]
[BlackElo "2408"]

1.d4 Nf6 2.c4 e6 3.Nf3 d5 4.Nc3 Be7 5.Bf4 O-O 6.e3 b6 7.Bd3 Bb7 8.cxd5 exd5
9.h3 c5 10.Rc1 Nc6 11.dxc5 Bxc5 12.O-O d4 13.Na4 dxe3 14.Nxc5 exf2+ 15.Rxf2 bxc5
16.Bd6 Nd4 17.Bxf8 Bxf3 18.gxf3 Qxf8 19.Bf1 Qd6 20.Qd3 Re8 21.Qc4 g6 22.b4 cxb4
23.Rd1 Qg3+ 24.Bg2 Nf5 25.Qxb4 Ne3 26.Re1 Re6 27.Rb1 Rb6 28.Qe1 Nxg2 29.Rxg2 Qxf3
30.Rxb6 axb6 31.Qf2 Qd1+ 32.Qf1 Qd4+ 33.Qf2 Qa1+ 34.Qf1 Qc3 35.Qf2 Nd5 36.Rg3 Qc1+
37.Kh2 Qc7 38.Kh1 Nf4 39.Re3 Ne6 40.Rb3 Qc6+ 41.Kh2 Qd6+ 42.Qg3 Qd2+ 43.Qg2 Qd4
44.Qa8+ Kg7 45.Qg2 Qd6+ 46.Qg3 Qd2+ 47.Qg2 Qf4+ 48.Qg3 Qd2+ 49.Qg2 Qd6+ 50.Qg3 Qd2+  1/2-1/2

[Event "37th Olympiad w"]
[Site "Turin ITA"]
[Date "2006.05.25"]
[Round "5"]
[White "Ushenina,A"]
[Black "Kosintseva,N"]
[Result "1/2-1/2"]
[WhiteElo "2397"]
[BlackElo "2469"]

1.d4 Nf6 2.c4 e6 3.Nf3 d5 4.Nc3 Be7 5.Bf4 O-O 6.e3 c5 7.dxc5 Bxc5 8.Qc2 Nc6
9.a3 Qa5 10.Nd2 Be7 11.Bg3 Qb6 12.Be2 d4 13.Na4 Qd8 14.e4 Bd6 15.f4 e5 16.f5 Bd7
17.c5 d3 18.Qxd3 Nd4 19.Nc3 Bxc5 20.Bxe5 Bc6 21.O-O-O Nxe2+ 22.Qxe2 Qe7 23.Nf3 Rfe8
24.Rhe1 b5 25.b4 Bb6 26.Nd5 Bxd5 27.exd5 Qd7 28.Qd3 Ng4 29.Bd4 Rac8+ 30.Kb2 Rxe1
31.Rxe1 Qxd5 32.Qe4 Qxe4 33.Rxe4 Nf6 34.Bxf6 gxf6 35.Nd4 Rd8 36.Kc3 Rd5 37.g4 Kg7
38.Ne2 Bc7 39.Nf4 Be5+ 40.Kc2 Rd7 41.h4 Rc7+ 42.Kd2 Rd7+ 43.Kc2 Rc7+ 44.Kd2 Rd7+
45.Kc2 Rc7+ 46.Kd2 Rd7+  1/2-1/2

[Event "Muresul Cup"]
[Site "Arad ROM"]
[Date "2006.05.26"]
[Round "9"]
[White "Malaniuk,V"]
[Black "Kosanovic,G"]
[Result "1/2-1/2"]
[WhiteElo "2539"]
[BlackElo "2414"]

1.d4 d5 2.c4 e6 3.Nf3 Nf6 4.Nc3 Be7 5.Bf4 Nh5 6.Be5 c6 7.cxd5 exd5 8.h3 Nd7
9.Bh2 g6 10.e3 O-O 11.Bd3 f5 12.Qc2 Ndf6 13.Ne5 Nd7 14.O-O-O Nxe5 15.Bxe5 Bd6  1/2-1/2

[Event "37th Olympiad w"]
[Site "Turin ITA"]
[Date "2006.05.29"]
[Round "8"]
[White "Koneru,H"]
[Black "Mkrtchian,L"]
[Result "0-1"]
[WhiteElo "2548"]
[BlackElo "2453"]

1.d4 d5 2.c4 e6 3.Nc3 Be7 4.Nf3 Nf6 5.Bf4 O-O 6.e3 Nbd7 7.c5 c6 8.Bd3 b6
9.b4 a5 10.b5 Bb7 11.bxc6 Bxc6 12.cxb6 Nxb6 13.O-O Rc8 14.Ne5 Be8 15.Rc1 Ba3
16.Rc2 Bb4 17.Nb5 Nc4 18.a4 Na3 19.Rxc8 Qxc8 20.Nxa3 Bxa3 21.Qa1 Bb4 22.Rc1 Qb7
23.h3 Ne4 24.Bxe4 dxe4 25.Qa2 h6 26.Ng4 Qd5 27.Qe2 f6 28.f3 exf3 29.gxf3 h5
30.Nf2 e5 31.e4 Qxd4 32.Be3 Qd6 33.Nd3 Ba3 34.Rc3 Bf7 35.f4 exf4 36.Nxf4 Rb8
37.Rd3 Qe5 38.Rxa3 Rb1+ 39.Kf2 Rb2 40.Bd2 Qd4+ 41.Qe3 Rxd2+ 42.Kf3 Qd7 43.Kg3 g5
44.Ng2 h4+ 45.Kh2 Qd6+ 46.Kg1 Rd1+ 47.Kf2 Bc4 48.Qc3 Rf1+ 49.Ke3 Rf3+  0-1

[Event "37th Olympiad w"]
[Site "Turin ITA"]
[Date "2006.05.30"]
[Round "9"]
[White "Borsuk,A"]
[Black "Sharevich,A"]
[Result "0-1"]
[WhiteElo "2341"]
[BlackElo "2281"]

1.d4 d5 2.c4 e6 3.Nc3 Be7 4.Nf3 Nf6 5.Bf4 O-O 6.e3 c5 7.dxc5 Bxc5 8.cxd5 Nxd5
9.Nxd5 exd5 10.a3 Nc6 11.Bd3 Bb6 12.O-O d4 13.e4 Bg4 14.h3 Bh5 15.g4 Bg6
16.Rc1 Rc8 17.b4 a6 18.Re1 Re8 19.Nd2 Qf6 20.Bg3 Bc7 21.Qf3 Qxf3 22.Nxf3 Bxg3
23.fxg3 f6 24.Bc4+ Bf7 25.Bd5 Bxd5 26.exd5 Ne5 27.Rxc8 Nxf3+ 28.Kf2 Rxc8
29.Kxf3 Rd8 30.Rd1 Rxd5 31.Ke4 Rd7 32.Rxd4 Re7+ 33.Kd3 Kf7 34.Kc4 Rc7+ 35.Kb3 Ke6
36.Ka4 Rc3 37.Ka5 Rxa3+ 38.Kb6 Rxg3 39.h4 Ke5 40.Rc4 Kd5 41.Rc5+ Kd6 42.Rc4 Kd5
43.Rc5+ Kd4 44.g5 fxg5 45.hxg5 Rb3 46.Rc7 Rxb4+ 47.Ka7 Ke5 48.Rxg7 Kf5 49.Rxh7 Kxg5
50.Rf7 a5 51.Rf3 a4 52.Ra3 b5 53.Kb6 Rb3 54.Ra2 a3 55.Ka5 b4 56.Ka4 Rb2 57.Ra1 a2  0-1

[Event "28th Nezhmetdinov mem"]
[Site "Kazan RUS"]
[Date "2006.06.05"]
[Round "5"]
[White "Kabanov,N"]
[Black "Gabdrakhmanov,R"]
[Result "1-0"]
[WhiteElo "2504"]
[BlackElo "2414"]

1.c4 Nf6 2.Nc3 e6 3.d4 d5 4.Nf3 Be7 5.Bf4 O-O 6.e3 c6 7.Qc2 Nbd7 8.Bd3 dxc4
9.Bxc4 Nb6 10.Be2 Nbd5 11.Bg3 Nxc3 12.bxc3 c5 13.Ne5 cxd4 14.exd4 Bd7 15.Bf3 Nd5
16.O-O b5 17.a4 Rc8 18.axb5 Bxb5 19.c4 Nb6 20.Bb7 Rc7 21.Be4 Bxc4 22.Bxh7+ Kh8
23.Rfc1 Bd6 24.Be4 Bd5 25.Qe2 Bxe4 26.Qxe4 Rxc1+ 27.Rxc1 Bxe5 28.Bxe5 f6
29.Rc3 Kg8 30.Rh3 Rf7 31.Qh4 Kf8 32.Rc3 Kg8 33.Rh3 Kf8 34.Qg3 Kg8 35.Bd6 Rd7
36.Bc5 Rd5 37.Qg4 Qd7 38.Re3 Kf7 39.h4 Rf5 40.Rg3 Kg8 41.Qe4 Qd5 42.Qb1 Qc6
43.Qa2 Qd7 44.Ra3 Nc8 45.Ra6 Rd5 46.Qb3 Kh7 47.Qc2+ Kg8 48.Qg6 Rf5 49.g3 Qb5
50.Ra1 a5 51.h5 Rg5 52.Qe4 Qd7  1-0

[Event "Lasker Mem A"]
[Site "Barlinek POL"]
[Date "2006.06.06"]
[Round "4"]
[White "Shishkin,Va UKR"]
[Black "Leniart,A"]
[Result "1-0"]
[WhiteElo "2541"]
[BlackElo "2333"]

1.d4 d5 2.c4 e6 3.Nf3 Nf6 4.Nc3 Be7 5.Bf4 O-O 6.e3 c5 7.dxc5 Bxc5 8.Qc2 Nc6
9.Rd1 Qa5 10.Be2 Ne4 11.cxd5 exd5 12.Rxd5 Nxc3 13.bxc3 Nb4 14.cxb4 Bxb4+
15.Rd2 Bg4 16.Bc7 b6 17.a3 Bc3 18.Nd4 Bxd4 19.exd4 Bxe2 20.Kxe2 Rfe8+ 21.Kd1 Qxa3
22.Qa2 Qc3 23.Be5 Rac8 24.Re1 b5 25.Re3 Qc1+ 26.Ke2 b4 27.d5 Qg1 28.Kf3 Qc1
29.d6 b3 30.Qb2 Qc6+ 31.Kg3 Re6 32.f3 Qb5 33.d7 Rd8 34.Qc3 Qf1 35.Qc7 Rg6+
36.Kf4  1-0

[Event "28th Nezhmetdinov mem"]
[Site "Kazan RUS"]
[Date "2006.06.07"]
[Round "7"]
[White "Ayupov,D"]
[Black "Bezgodov,A"]
[Result "0-1"]
[WhiteElo "2398"]
[BlackElo "2554"]

1.d4 d5 2.c4 e6 3.Nc3 Be7 4.Nf3 Nf6 5.Bf4 O-O 6.e3 Nh5 7.Be5 Nc6 8.h3 dxc4
9.Bxc4 Nxe5 10.dxe5 g6 11.g4 Ng7 12.Qxd8 Rxd8 13.Ke2 Bd7 14.Rhd1 a6 15.Ne4 Bc6
16.Nf6+ Bxf6 17.exf6 Ne8 18.Ne5 Rxd1 19.Rxd1 Nxf6 20.Nxc6 bxc6 21.g5 Ne8
22.Rd7 Kf8 23.Kd3 Ra7 24.h4 a5 25.e4 Rb7 26.b3 a4 27.e5 axb3 28.Bxb3 Ng7
29.Rd8+ Ke7 30.Rh8 Rb4 31.Rxh7 Nh5 32.Bc4 c5 33.Kc3 Nf4 34.a3 Rb1 35.a4 Rb4
36.Bb5 Kf8 37.Rh8+ Kg7 38.Ra8 Nd5+ 39.Kc2 Rf4 40.a5 Rxf2+ 41.Kd3 Rf3+ 42.Kd2 Ra3
43.a6 c4 44.Rc8 c3+ 45.Kc1 Nb4 46.Kd1 Ra1+ 47.Ke2 c2  0-1

[Event "VIII Open"]
[Site "Salou ESP"]
[Date "2006.06.07"]
[Round "1"]
[White "Sachdev,T"]
[Black "Benson,O"]
[Result "1-0"]
[WhiteElo "2375"]
[BlackElo "1832"]

1.d4 d5 2.c4 e6 3.Nf3 Nf6 4.Nc3 Be7 5.Bf4 O-O 6.e3 Nbd7 7.cxd5 exd5 8.Bd3 b6
9.O-O c5 10.dxc5 bxc5 11.e4 d4 12.Nb5 Bb7 13.Re1 Nb6 14.b3 g6 15.Na3 Nfd7
16.Rc1 a5 17.Nb5 a4 18.Bc7 Qc8 19.Nfxd4 Ra6 20.Nf5 Bd8 21.Nfd6 Qa8 22.Bxd8 Rxd8
23.Nc7 Qb8 24.Nxb7  1-0

[Event "VIII Open"]
[Site "Salou ESP"]
[Date "2006.06.07"]
[Round "1"]
[White "Pogorelov,R"]
[Black "Mora Amella,J"]
[Result "1-0"]
[WhiteElo "2385"]
[BlackElo "1863"]

1.Nf3 d5 2.d4 Nf6 3.c4 e6 4.Nc3 Be7 5.Bf4 O-O 6.e3 Nbd7 7.c5 Re8 8.Nb5 e5
9.dxe5 Nh5 10.b4 Nxf4 11.exf4 Nf8 12.Be2 Ng6 13.g3 Bh3 14.Nbd4 Qd7 15.Qc2 Bg2
16.Rg1 Bxf3 17.Bxf3 a5 18.b5 c6 19.Rb1 cxb5 20.Rxb5 Rec8 21.Ke2 Rc7 22.Rgb1 Rac8
23.Qf5 Bxc5 24.Qxd7 Rxd7 25.Bg4 Bxd4 26.Bxd7 Rd8 27.Rxd5 Bc3 28.Rxb7 Nf8
29.Be6 Nxe6 30.Rxd8+ Nxd8 31.Rb8 Kf8 32.Rxd8+ Ke7 33.Rd6 Bb4 34.Ra6 g6 35.g4 Kf8
36.f5 Kg7 37.f6+ Kg8 38.Ra8+ Bf8 39.Rxa5 h6 40.Ra8 g5 41.a4 h5 42.gxh5 g4
43.f4 gxf3+ 44.Kxf3 Kh8 45.Rxf8+ Kh7 46.h4  1-0

[Event "TCh-NOR Open"]
[Site "Oslo NOR"]
[Date "2006.06.08"]
[Round "2"]
[White "Agdestein,S"]
[Black "Skodvin,E"]
[Result "1-0"]
[WhiteElo "2594"]
[BlackElo "2267"]

1.d4 d5 2.c4 e6 3.Nc3 Be7 4.Nf3 Nf6 5.Bf4 O-O 6.e3 c5 7.dxc5 Bxc5 8.a3 Nc6
9.cxd5 Nxd5 10.Nxd5 exd5 11.Bd3 Bd6 12.Bxd6 Qxd6 13.O-O Qf6 14.b4 Bg4 15.Be2 Rad8
16.b5 Ne5 17.Nd4 Bxe2 18.Qxe2 Rfe8 19.Rfd1 Nc4 20.Qa2 Nd6 21.Rac1 Ne4 22.Rc2 Rc8
23.Rdc1 Rxc2 24.Qxc2 g6 25.a4 Kg7 26.Qa2 Re7 27.a5 Qd6 28.Qb2 Nf6 29.a6 bxa6
30.Rc6 Qe5 31.bxa6 h5 32.h3 Kh7 33.Qa3 Kg7 34.Nf3 Qe4 35.Qb2 d4 36.Nxd4 Rd7
37.Rc8 Qd3 38.Qb4 g5 39.Qf8+ Kg6 40.Rc6 Rxd4 41.exd4 Qd1+ 42.Kh2 Qxd4 43.Qg8+  1-0

[Event "Summer-1"]
[Site "Alushta UKR"]
[Date "2006.06.10"]
[Round "12"]
[White "Mankeyev,Raua"]
[Black "Podgursky,S"]
[Result "1-0"]
[WhiteElo "2381"]
[BlackElo "2314"]

1.d4 Nf6 2.c4 e6 3.Nf3 d5 4.Nc3 Be7 5.Bf4 O-O 6.e3 b6 7.Bd3 Bb7 8.cxd5 exd5
9.Ne5 c5 10.Qf3 Nbd7 11.O-O cxd4 12.exd4 a6 13.Rfe1 b5 14.Qh3 g6 15.Bh6 Re8
16.Nxf7 Qb6 17.Ng5 Bf8 18.Bxf8 Nxf8 19.Qh4 Ne6 20.Nf3 Kg7 21.a3 Bc6 22.Re2 Qc7
23.Rae1 Qd6 24.Re5 Ra7 25.Ng5 Rae7 26.Qg3 Qd7 27.Qh3 Nxg5 28.Qxd7 Rxd7 29.Rxe8 Nxe8
30.Rxe8 Nf7 31.h4 Bb7 32.Kh2 Kf6 33.g4 Re7 34.Rb8 h6 35.Rg8 Rc7 36.Rxg6+ Ke7
37.Bf5  1-0

[Event "VIII Open"]
[Site "Salou ESP"]
[Date "2006.06.11"]
[Round "5"]
[White "Sachdev,T"]
[Black "Hoenick,A"]
[Result "1-0"]
[WhiteElo "2375"]
[BlackElo "2168"]

1.d4 Nf6 2.c4 e6 3.Nf3 d5 4.Nc3 Be7 5.Bf4 O-O 6.e3 c5 7.dxc5 Nc6 8.cxd5 Nxd5
9.Nxd5 exd5 10.a3 Bxc5 11.Bd3 Bb6 12.O-O d4 13.e4 Bg4 14.h3 Qf6 15.hxg4 Qxf4
16.Nh2 Ne5 17.g3 Qh6 18.Kg2 Nxd3 19.Qxd3 Rfe8 20.f4 Qe6 21.Rfe1 Rac8 22.Rad1 f6
23.Re2 Red8 24.e5 fxe5 25.Rxe5 Qc4 26.Re2 Qxd3 27.Rxd3 Rc1 28.Nf3 Kf7 29.Ng5+ Kg8
30.Re7 Rc2+ 31.Kf3 Rxb2 32.Ne6 Rc8 33.Rxg7+ Kh8 34.Rxb7 h6 35.f5 Rc1 36.g5 hxg5
37.Kg4 Rg2 38.f6 Rc3 39.f7 Rf2 40.Rxc3 dxc3 41.Rb8+ Kh7 42.f8=Q Rxf8 43.Rxf8  1-0

[Event "Open A"]
[Site "Voronezh RUS"]
[Date "2006.06.13"]
[Round "2"]
[White "Brodsky,M"]
[Black "Kruchev,B"]
[Result "1-0"]
[WhiteElo "2561"]
[BlackElo "2328"]

1.d4 Nf6 2.c4 e6 3.Nc3 d5 4.Nf3 Be7 5.Bf4 O-O 6.e3 c6 7.h3 Nbd7 8.Bd3 b6
9.O-O Bb7 10.cxd5 Nxd5 11.Bg3 c5 12.e4 Nxc3 13.bxc3 Nb8 14.Rc1 g6 15.Bf4 Nc6
16.Bb1 cxd4 17.cxd4 Bf6 18.d5 exd5 19.exd5 Nb4 20.d6 Nd5 21.Be4 Nxf4 22.Bxb7 Rb8
23.Bc6 Ne6 24.Re1 Rc8 25.d7 Rc7 26.Qd5 Kg7 27.Ne5 Bxe5 28.Qxe5+ Qf6 29.Qd6 Qf4
30.Rxe6 Qxc1+ 31.Kh2 Rd8 32.Qxc7  1-0

[Event "II Perla Baltyku"]
[Site "Mielno POL"]
[Date "2006.06.22"]
[Round "3"]
[White "Demidov,M"]
[Black "Kulon,K"]
[Result "1/2-1/2"]
[WhiteElo "2213"]
[BlackElo "2077"]

1.d4 d5 2.c4 e6 3.Nc3 Nf6 4.Nf3 Be7 5.Bf4 O-O 6.e3 c6 7.Qc2 Nbd7 8.h3 Qa5
9.Nd2 a6 10.Bd3 c5 11.Nb3 Qd8 12.cxd5 exd5 13.Nxc5 Bxc5 14.dxc5 Nxc5 15.Be2 Nce4
16.O-O Bf5 17.Nxe4 Nxe4 18.Qa4 Qf6 19.Qd4 Qxd4 20.exd4 Rfe8 21.Bd1 Nf6 22.Bb3 Re2
23.Rfe1 Rxb2 24.Bc1 Rb1 25.Rxb1 Bxb1 26.Bg5 Bf5 27.Bxf6 gxf6 28.Bxd5 Rd8
29.Bxb7 Rxd4 30.Re8+ Kg7 31.Ra8 Bd3 32.Bxa6 Be4 33.Re8 f5 34.Re7 Rd1+ 35.Kh2 Rd2
36.Kg3 Kf6 37.Rc7 Rxa2 38.Bb5 Bd5 39.f3 f4+ 40.Kxf4 Rxg2 41.Bd7 Rb2 42.Rc5 Rb4+
43.Kg3 Be6 44.Bxe6  1/2-1/2

[Event "IM"]
[Site "Balatonlelle HUN"]
[Date "2006.06.24"]
[Round "8"]
[White "Kaufman,R"]
[Black "Lengyel,B"]
[Result "1-0"]
[WhiteElo "2230"]
[BlackElo "2313"]

1.d4 d5 2.Nf3 Nf6 3.c4 e6 4.Nc3 Be7 5.Bf4 O-O 6.e3 c5 7.dxc5 Bxc5 8.Qc2 Nc6
9.a3 Qa5 10.O-O-O Be7 11.g4 dxc4 12.Bxc4 e5 13.g5 exf4 14.gxf6 Bxf6 15.Nd5 Bd8
16.h4 g6 17.Rdg1 Be6 18.h5 Bxd5 19.hxg6 Bxc4 20.Rxh7  1-0

[Event "34th World Open"]
[Site "Philadelphia USA"]
[Date "2006.06.28"]
[Round "1"]
[White "Simutowe,A"]
[Black "Critelli,J"]
[Result "0-1"]
[WhiteElo "2414"]
[BlackElo "2170"]

1.Nf3 Nf6 2.c4 e6 3.Nc3 d5 4.d4 Be7 5.Bf4 O-O 6.e3 a6 7.c5 Re8 8.h3 Nbd7
9.Bd3 Bxc5 10.dxc5 e5 11.c6 bxc6 12.Bh2 e4 13.Nd4 Bb7 14.Be2 c5 15.Nb3 a5
16.Nb5 a4 17.Nxc5 Nxc5 18.Nxc7 Nd3+ 19.Bxd3 exd3 20.O-O Rf8 21.Qxd3 Rc8 22.Rac1 Qd7
23.Rc2 Rfd8 24.Bf4 Ne4 25.Rfc1 Qf5 26.Qd4 Ng5 27.Bxg5 Qxg5 28.Ne6 Rxc2 29.Rxc2 Qf5  0-1

[Event "34th World Open"]
[Site "Philadelphia USA"]
[Date "2006.06.29"]
[Round "2"]
[White "Akobian,V"]
[Black "Mohota,N"]
[Result "1/2-1/2"]
[WhiteElo "2575"]
[BlackElo "2314"]

1.d4 d5 2.c4 e6 3.Nf3 Nf6 4.Nc3 Be7 5.Bf4 O-O 6.Rc1 c5 7.dxc5 Bxc5 8.e3 Nc6
9.a3 Bd6 10.cxd5 exd5 11.Bg5 Be7 12.Be2 Be6 13.O-O Rc8 14.h3 a6 15.Na4 Ne4
16.Bxe7 Qxe7 17.b4 Qf6 18.Nc5 Nxc5 19.Rxc5 Ne5 20.Qd4 Nxf3+ 21.Bxf3 Qxd4
22.exd4 b6 23.Rcc1 Rc4 24.Be2 Rxd4 25.Rc6 a5 26.Rxb6 axb4 27.axb4 Rd2 28.Bg4 d4
29.Bxe6 fxe6 30.Rxe6 Rb2 31.Rd6 Rxb4 32.Rc1 Rfb8 33.Rc7 Rb1+ 34.Kh2 R1b7
35.Rcc6 Rf7 36.f3 Rf4 37.Rd7 Rbf8 38.Kg3 R4f6 39.Rcc7 Rg6+ 40.Kf2 h6 41.Rxd4 Ra8
42.g4 Ra2+ 43.Kg3 Ra3 44.Rd8+ Kh7 45.Rf8 Raa6 46.Rfc8 Ra3 47.Rf7 Raa6 48.f4 Rgc6
49.Rxc6 Rxc6 50.f5 Rc3+ 51.Kh4 Rf3 52.Ra7  1/2-1/2

[Event "Midnight Sun"]
[Site "Tromso NOR"]
[Date "2006.07.01"]
[Round "8"]
[White "Krasenkow,M"]
[Black "Akesson,R"]
[Result "1/2-1/2"]
[WhiteElo "2650"]
[BlackElo "2472"]

1.d4 Nf6 2.c4 e6 3.Nf3 d5 4.Nc3 Be7 5.Bf4 O-O 6.e3 Nbd7 7.cxd5 Nxd5 8.Nxd5 exd5
9.Be2 Nf6 10.O-O Nh5 11.Be5 f6 12.Bg3 Nxg3 13.hxg3 g6 14.Ne1 c6 15.Nd3 a5
16.a3 a4 17.Rc1 Re8 18.Nc5 Qa5 19.g4 Bd6 20.g3 Re7 21.Kg2 b6 22.Nd3 Bd7 23.Rh1 Be8
24.Nf4 Rd8 25.Bd3 Bxf4 26.gxf4 c5 27.Rh6 Rd6 28.Bb1 Qb5 29.Qd2 cxd4 30.Qxd4 Qe2
31.Kg3 Bd7 32.Rh4 g5 33.fxg5 fxg5 34.Rh5 Rf7 35.Rxg5+ Rg6 36.Rxg6+ hxg6 37.Kh4 Qxf2+
38.Kg5 Bxg4 39.Qxd5 Qxe3+ 40.Kxg6 Bh5+ 41.Kxh5 Qxc1 42.Ba2 Qf4  1/2-1/2

[Event "FINEC Rector Cup"]
[Site "St Petersburg RUS"]
[Date "2006.07.02"]
[Round "7"]
[White "Yevseev,D"]
[Black "Matlakov,M"]
[Result "1-0"]
[WhiteElo "2580"]
[BlackElo "2410"]

1.d4 d5 2.c4 e6 3.Nf3 Nf6 4.Nc3 Be7 5.Bf4 O-O 6.e3 c5 7.dxc5 Nc6 8.cxd5 exd5
9.Be2 Bxc5 10.O-O Be6 11.Rc1 Be7 12.Nd4 Nxd4 13.Qxd4 Qa5 14.a3 Rfc8 15.Qd3 a6
16.Bf3 Rd8 17.Ne2 Rac8 18.Nd4 Rxc1 19.Rxc1 Rc8 20.Rxc8+ Bxc8 21.b4 Qa4 22.h3 h6
23.Be5 Be6 24.Bd1 Qd7 25.Bc2 Qc8 26.Nf5 Bxf5 27.Qxf5 Qxf5 28.Bxf5 b6 29.Kf1 a5
30.bxa5 bxa5 31.a4 Bb4 32.Ke2 Kf8 33.Kd3 Ke7 34.Kd4 g6 35.Bc2 Ke6 36.Bc7 Nd7
37.Bb3 Bc5+ 38.Kd3 Nb6 39.f3 Kd7 40.Bf4 g5 41.Bg3 f5 42.Be1 Kd6 43.Bxa5 Nd7
44.Bc3 Ne5+ 45.Ke2 Nc6 46.Bg7 Na5 47.Bc2 Ke6 48.Bxh6  1-0